[Event "Masters Grenoble 2007"]
[Site "Grenoble FRA"]
[Date "2007.06.20"]
[Round "1.1"]
[White "Olivier, Jean Christophe"]
[Black "Rodrigues, Emmanuel"]
[Result "0-1"]
[WhiteElo "2365"]
[BlackElo "2155"]
[PlyCount "52"]
[EventDate "2007.06.20"]
[EventType "tourn"]
[EventRounds "9"]
[EventCountry "FRA"]
[EventCategory "4"]
[Source "lmi"]
[SourceDate "2007.06.20"]

1. e4 e5 2. Nf3 Nc6 3. Bb5 a6 4. Ba4 Nf6 5. d3 b5 6. Bb3 g6 7. Ng5 d5 8. exd5
Nd4 9. Ne4 Nd7 10. O-O h6 11. f4 f5 12. fxe5 Nxb3 13. axb3 fxe4 14. e6 Nf6 15.
dxe4 Bc5+ 16. Kh1 Nxe4 17. Qd3 Qh4 18. Nc3 Nf2+ 19. Rxf2 Qxf2 20. Qxg6+ Kd8 21.
Bd2 Rf8 22. h3 Qxd2 23. Ne4 Qxc2 24. Re1 Be7 25. Qxh6 Bb7 26. Ng5 Bxd5 0-1

[Event "Masters Grenoble 2007"]
[Site "Grenoble FRA"]
[Date "2007.06.20"]
[Round "1.3"]
[White "Vernay, Clovis"]
[Black "Fargere, Francois"]
[Result "1/2-1/2"]
[WhiteElo "2345"]
[BlackElo "2345"]
[PlyCount "72"]
[EventDate "2007.06.20"]
[EventType "tourn"]
[EventRounds "9"]
[EventCountry "FRA"]
[EventCategory "4"]
[Source "lmi"]
[SourceDate "2007.06.20"]

1. d4 d5 2. c4 c6 3. Nc3 Nf6 4. cxd5 cxd5 5. Bf4 Nc6 6. e3 a6 7. Bd3 Bg4 8. Nf3
e6 9. h3 Bxf3 10. Qxf3 Be7 11. O-O O-O 12. Rac1 Rc8 13. Qe2 Nd7 14. Rfd1 Nb6
15. Bb1 Bf6 16. b3 Be7 17. Qb2 Re8 18. Bd3 Bf8 19. a3 Na5 20. e4 Qe7 21. b4
Nac4 22. Qb3 Qf6 23. Ne2 Qd8 24. a4 Qd7 25. a5 Qa4 26. Rb1 Qxb3 27. Rxb3 Nd7
28. Nc3 Nf6 29. exd5 Nxd5 30. Nxd5 exd5 31. Bf5 Rcd8 32. Bc7 Ra8 33. b5 Re7 34.
bxa6 Rxa6 35. Bd8 Re8 36. Bb6 Nxa5 1/2-1/2

[Event "Masters Grenoble 2007"]
[Site "Grenoble FRA"]
[Date "2007.06.20"]
[Round "1.4"]
[White "Janev, Evgeni"]
[Black "Di Paolo, Raffaele"]
[Result "1/2-1/2"]
[WhiteElo "2475"]
[BlackElo "2340"]
[PlyCount "165"]
[EventDate "2007.06.20"]
[EventType "tourn"]
[EventRounds "9"]
[EventCountry "FRA"]
[EventCategory "4"]
[Source "lmi"]
[SourceDate "2007.06.20"]

1. e4 e6 2. d4 d5 3. Nd2 Nf6 4. e5 Nfd7 5. Bd3 c5 6. c3 Nc6 7. Ne2 cxd4 8. cxd4
f6 9. exf6 Nxf6 10. O-O Bd6 11. Nf3 Qc7 12. Ng3 O-O 13. Bg5 Bd7 14. a3 h6 15.
Bd2 Be8 16. Re1 Bf7 17. Bc3 Nh5 18. Rc1 Nxg3 19. hxg3 Bh5 20. Re3 Rae8 21. Bb1
Rf6 22. Qd3 Bg6 23. Qe2 Bxb1 24. Rxb1 Qf7 25. Re1 Qh5 26. b4 Nd8 27. Qb5 Ref8
28. R1e2 Qg6 29. Be1 R6f7 30. Qa4 a6 31. Qd1 Rc7 32. a4 b5 33. axb5 axb5 34.
Bc3 Rc4 35. Nd2 Rc6 36. Nb3 Rc4 37. Na5 Rc7 38. Qa1 Qg4 39. Nb3 Rc4 40. Nd2 Rc7
41. Qb2 Re7 42. Nb3 Nc6 43. Qd2 h5 44. Qd3 Rb8 45. Na5 Nd8 46. Bd2 Rf7 47. Re1
h4 48. gxh4 Qxh4 49. g3 Qh3 50. Rf3 Qg4 51. Rxf7 Nxf7 52. Kg2 Nh8 53. Nc6 Rf8
54. Qe2 Qxe2 55. Rxe2 Kf7 56. Bg5 Re8 57. Ra2 Kg6 58. Be3 Rc8 59. Ra6 Nf7 60.
Rb6 Kf6 61. g4 Bf8 62. Bf4 g5 63. Bd2 Nd6 64. Ne5 Nc4 65. Rb7 Nxe5 66. dxe5+
Kxe5 67. Bxg5 Rc4 68. Kf3 Rxb4 69. Rf7 Rb3+ 70. Ke2 Bc5 71. Bf6+ Ke4 72. Rc7
Bb4 73. g5 e5 74. g6 Rb2+ 75. Kd1 Rxf2 76. g7 Kd3 77. Kc1 Rg2 78. Rc8 Rg1+ 79.
Kb2 d4 80. g8=Q Bc3+ 81. Kb3 Rb1+ 82. Ka3 Ra1+ 83. Kb3 1/2-1/2

[Event "Masters Grenoble 2007"]
[Site "Grenoble FRA"]
[Date "2007.06.21"]
[Round "2.1"]
[White "Rodrigues, Emmanuel"]
[Black "Adda, Olivier"]
[Result "0-1"]
[WhiteElo "2153"]
[BlackElo "2190"]
[PlyCount "104"]
[EventDate "2007.06.20"]
[EventType "tourn"]
[EventRounds "9"]
[EventCountry "FRA"]
[EventCategory "4"]
[Source "lmi"]
[SourceDate "2007.06.20"]

1. e4 c5 2. Nf3 d6 3. d4 cxd4 4. Nxd4 Nf6 5. Nc3 a6 6. Bg5 e6 7. f4 b5 8. e5
dxe5 9. fxe5 Qc7 10. exf6 Qe5+ 11. Be2 Qxg5 12. Qd3 Qxf6 13. O-O-O Qf4+ 14. Kb1
Be7 15. Rhf1 Qc7 16. g4 O-O 17. Qh3 Bb7 18. Bd3 g6 19. Qe3 Nd7 20. Nxe6 Qe5 21.
Qxe5 Nxe5 22. Nxf8 Bxf8 23. Be4 Bxe4 24. Nxe4 Nxg4 25. Nf6+ Nxf6 26. Rxf6 Bg7
27. Rb6 Be5 28. h3 g5 29. a3 Ra7 30. Ka2 Kg7 31. Kb3 f6 32. a4 bxa4+ 33. Kxa4
h5 34. c4 g4 35. hxg4 hxg4 36. c5 g3 37. Kb3 a5 38. Kc4 f5 39. c6 f4 40. Kd5
Re7 41. Rb3 Bc7 42. Rf3 Kg6 43. Rff1 Kg5 44. Rfe1 Rxe1 45. Rxe1 f3 46. Re7 f2
47. Rxc7 f1=Q 48. Re7 Kf6 49. Re8 Qd1+ 50. Kc4 Qg4+ 51. Kc3 Qb4+ 52. Kd3 Qd6+
0-1

[Event "Masters Grenoble 2007"]
[Site "Grenoble FRA"]
[Date "2007.06.21"]
[Round "2.3"]
[White "Fargere, Francois"]
[Black "Janev, Evgeni"]
[Result "0-1"]
[WhiteElo "2345"]
[BlackElo "2475"]
[PlyCount "76"]
[EventDate "2007.06.20"]
[EventType "tourn"]
[EventRounds "9"]
[EventCountry "FRA"]
[EventCategory "4"]
[Source "lmi"]
[SourceDate "2007.06.20"]

1. e4 Nf6 2. e5 Nd5 3. d4 d6 4. Nf3 Nb6 5. Be2 g6 6. O-O Bg7 7. exd6 cxd6 8. c4
O-O 9. Nc3 Nc6 10. Be3 Bg4 11. b3 d5 12. c5 Nc8 13. h3 Bxf3 14. Bxf3 e6 15. Ne2
N8e7 16. g4 b6 17. Rc1 Rc8 18. Qd2 Qd7 19. Bg2 f5 20. g5 f4 21. Nxf4 Nf5 22.
Ne2 Qe7 23. cxb6 axb6 24. Rfd1 Qd6 25. f4 Nxe3 26. Qxe3 Ne7 27. Rxc8 Rxc8 28.
Rc1 Rxc1+ 29. Qxc1 Qb4 30. Qe3 Kf7 31. Kh2 Qe1 32. Qd3 Nf5 33. Qc2 Bf8 34. Qc7+
Be7 35. Ng1 Qg3+ 36. Kh1 Ne3 37. Bf3 Qf2 38. a4 Nf5 0-1

[Event "Masters Grenoble 2007"]
[Site "Grenoble FRA"]
[Date "2007.06.21"]
[Round "2.4"]
[White "Foisor, Ovidiu Doru"]
[Black "Vernay, Clovis"]
[Result "1/2-1/2"]
[WhiteElo "2425"]
[BlackElo "2345"]
[PlyCount "107"]
[EventDate "2007.06.20"]
[EventType "tourn"]
[EventRounds "9"]
[EventCountry "FRA"]
[EventCategory "4"]
[Source "lmi"]
[SourceDate "2007.06.20"]

1. c4 e5 2. Nc3 Nf6 3. Nf3 Nc6 4. e3 Be7 5. b3 O-O 6. Bb2 Re8 7. Qb1 d6 8. a3
Bf8 9. Bd3 g6 10. h3 Bg7 11. O-O Nd7 12. Bc2 Nc5 13. b4 Ne6 14. Nd5 Ne7 15. d3
c6 16. Nxe7+ Qxe7 17. Re1 Ng5 18. Bd1 Bf5 19. Be2 Nxf3+ 20. Bxf3 Bxd3 21. Qxd3
e4 22. Qc2 Bxb2 23. Qxb2 exf3 24. gxf3 Qe6 25. Kh2 Qxc4 26. Rad1 Qe6 27. f4 d5
28. Rg1 Rad8 29. h4 Rd6 30. h5 Qf6 31. Qxf6 Rxf6 32. b5 Kg7 33. bxc6 bxc6 34.
Rd4 Re7 35. Rc1 Rd6 36. Ra4 Rc7 37. Ra6 d4 38. exd4 Rxd4 39. Kg3 Rd3+ 40. f3 c5
41. hxg6 hxg6 42. Rc4 Rb7 43. f5 gxf5 44. Rxc5 Rbb3 45. Rxf5 Rxa3 46. Rxa3 Rxa3
47. Rb5 Kg6 48. Kg4 Ra1 49. Rb7 Ra4+ 50. f4 Ra1 51. Rc7 a5 52. Rc6+ Kg7 53. Ra6
a4 54. Kf5 1/2-1/2

[Event "Masters Grenoble 2007"]
[Site "Grenoble FRA"]
[Date "2007.06.22"]
[Round "3.1"]
[White "Vuilleumier, Alexandre"]
[Black "Rodrigues, Emmanuel"]
[Result "1/2-1/2"]
[WhiteElo "2345"]
[BlackElo "2155"]
[PlyCount "99"]
[EventDate "2007.06.20"]
[EventType "tourn"]
[EventRounds "9"]
[EventCountry "FRA"]
[EventCategory "4"]
[Source "lmi"]
[SourceDate "2007.06.20"]

1. e4 e5 2. Nf3 Nc6 3. Bb5 a6 4. Ba4 Nf6 5. O-O b5 6. Bb3 Bc5 7. Nxe5 Nxe5 8.
d4 Bxd4 9. Qxd4 d6 10. Qd1 O-O 11. Nc3 h6 12. f3 Rb8 13. Be3 c5 14. Bd5 b4 15.
Ne2 Nxd5 16. Qxd5 Be6 17. Qd1 Nc4 18. Bc1 Qf6 19. Rb1 Rbd8 20. b3 Nb6 21. Qd3
Bc8 22. Bb2 Qe7 23. c4 bxc3 24. Qxc3 f5 25. Nf4 Rf7 26. Rfe1 Qg5 27. Nh3 Qg6
28. Nf2 fxe4 29. Nxe4 Nd5 30. Qd2 Nf4 31. Be5 Nxg2 32. Qxg2 Qxg2+ 33. Kxg2 dxe5
34. Rb2 Bb7 35. Rd2 Rd4 36. Rxd4 cxd4 37. Nd6 Bxf3+ 38. Kg3 Rf6 39. Rxe5 Rxd6
40. Kxf3 d3 41. Re1 Kf7 42. Rd1 d2 43. Ke3 Ke6 44. Rxd2 Rxd2 45. Kxd2 Kd5 46.
Kd3 Kc5 47. a3 Kd5 48. h4 g5 49. hxg5 hxg5 50. b4 1/2-1/2

[Event "Masters Grenoble 2007"]
[Site "Grenoble FRA"]
[Date "2007.06.22"]
[Round "3.2"]
[White "Vernay, Clovis"]
[Black "Olivier, Jean Christophe"]
[Result "0-1"]
[WhiteElo "2345"]
[BlackElo "2365"]
[PlyCount "126"]
[EventDate "2007.06.20"]
[EventType "tourn"]
[EventRounds "9"]
[EventCountry "FRA"]
[EventCategory "4"]
[Source "lmi"]
[SourceDate "2007.06.20"]

1. d4 Nf6 2. c4 e6 3. Nc3 d5 4. cxd5 Nxd5 5. e4 Nxc3 6. bxc3 c5 7. Nf3 cxd4 8.
cxd4 Bb4+ 9. Bd2 Bxd2+ 10. Qxd2 O-O 11. Bc4 b6 12. O-O Bb7 13. Rfe1 Nc6 14.
Rad1 Rc8 15. Qe2 Na5 16. Ba6 Bxa6 17. Qxa6 Rc7 18. d5 exd5 19. exd5 Qd6 20. Nd4
Rd7 21. Nf5 Qb4 22. Qe2 Qf4 23. Qd3 Nb7 24. g3 Qg5 25. h4 Qf6 26. Qe4 Nd6 27.
Ne7+ Kh8 28. Qe5 Re8 29. Qxf6 gxf6 30. Nc6 Rxe1+ 31. Rxe1 Kg7 32. Nb8 Rc7 33.
Nc6 Kf8 34. a4 Nc8 35. Re4 Rd7 36. Rf4 Rxd5 37. Rxf6 a5 38. Rf4 Nd6 39. Nd4 Ke8
40. Kf1 Rc5 41. Rf6 Ke7 42. Rh6 Rc4 43. Nb5 Ne4 44. Rxb6 Rxa4 45. Rb7+ Kf8 46.
Rb8+ Kg7 47. Re8 Rb4 48. Na3 Nc3 49. Re1 a4 50. Ra1 Kf6 51. Ke1 Rb2 52. Nc4 Ra2
53. Rxa2 Nxa2 54. Kd1 Nc3+ 55. Kd2 Nb5 56. g4 Ke6 57. f4 Nd6 58. Ne3 f5 59. g5
Ne4+ 60. Kc2 Ng3 61. h5 Nxh5 62. Ng2 Kd5 63. Kd3 a3 0-1

[Event "Masters Grenoble 2007"]
[Site "Grenoble FRA"]
[Date "2007.06.22"]
[Round "3.5"]
[White "Adda, Olivier"]
[Black "Di Paolo, Raffaele"]
[Result "0-1"]
[WhiteElo "2190"]
[BlackElo "2340"]
[PlyCount "58"]
[EventDate "2007.06.20"]
[EventType "tourn"]
[EventRounds "9"]
[EventCountry "FRA"]
[EventCategory "4"]
[Source "lmi"]
[SourceDate "2007.06.20"]

1. d4 e6 2. c4 f5 3. g3 Nf6 4. Bg2 d5 5. Nf3 c6 6. O-O Bd6 7. b3 Qe7 8. Bb2 O-O
9. Nbd2 b6 10. Ne5 Bb7 11. cxd5 exd5 12. Rc1 Bxe5 13. dxe5 Ng4 14. Nf3 Nd7 15.
e6 Ndf6 16. Nd4 c5 17. Nxf5 Qxe6 18. e4 dxe4 19. Nd6 Rad8 20. Nxb7 Rxd1 21.
Rcxd1 e3 22. Bxf6 Nxf6 23. fxe3 Qxe3+ 24. Kh1 Ne4 25. Rxf8+ Kxf8 26. Rd8+ Ke7
27. h3 Qe1+ 28. Kh2 Qxg3+ 29. Kg1 Nd2 0-1

[Event "Masters Grenoble 2007"]
[Site "Grenoble FRA"]
[Date "2007.06.23"]
[Round "4.1"]
[White "Vernay, Clovis"]
[Black "Rodrigues, Emmanuel"]
[Result "1-0"]
[WhiteElo "2345"]
[BlackElo "2155"]
[PlyCount "211"]
[EventDate "2007.06.20"]
[EventType "tourn"]
[EventRounds "9"]
[EventCountry "FRA"]
[EventCategory "4"]
[Source "lmi"]
[SourceDate "2007.06.20"]

1. d4 d5 2. Nf3 Nc6 3. Bf4 Bg4 4. e3 e6 5. h3 Bh5 6. Bb5 Bd6 7. g4 Bg6 8. Ne5
Nge7 9. h4 Bxe5 10. Bxe5 f6 11. Bg3 Qd7 12. h5 Bf7 13. Nc3 a6 14. Be2 Nc8 15.
a4 Nd6 16. a5 Qe7 17. Ra4 O-O 18. b3 Nb8 19. f3 Nd7 20. e4 c6 21. Qd2 dxe4 22.
Nxe4 Nxe4 23. fxe4 e5 24. O-O exd4 25. Rxd4 Ne5 26. Rd6 Rad8 27. Rd1 Rxd6 28.
Qxd6 Re8 29. Qxe7 Rxe7 30. Rd8+ Be8 31. Rb8 h6 32. Bxe5 fxe5 33. g5 hxg5 34.
Bg4 Kh7 35. Bc8 Bxh5 36. Bxb7 Bd1 37. Bxa6 Ra7 38. Rb6 Bxc2 39. b4 Bxe4 40. Bb7
Bd3 41. Bxc6 e4 42. Bb7 e3 43. a6 g4 44. Re6 g3 45. Rxe3 Bxa6 46. Be4+ Kh6 47.
Ra3 Re7 48. Rxa6+ Kg5 49. Bg2 Kf4 50. b5 Re1+ 51. Bf1 Rb1 52. Rg6 Kf3 53. Rxg7
Kf4 54. Rg6 Kf3 55. Rf6+ Kg4 56. b6 Kg5 57. Rd6 Kg4 58. Rc6 Kf3 59. Rf6+ Kg4
60. Rg6+ Kf3 61. b7 g2 62. Rxg2 Rxb7 63. Ra2 Rb3 64. Kh2 Rc3 65. Ra4 Rc2+ 66.
Kh3 Rc3 67. Bg2+ Kf2+ 68. Kh2 Rc7 69. Rf4+ Ke3 70. Rf8 Rh7+ 71. Kg1 Ra7 72.
Re8+ Kf4 73. Bf1 Ra2 74. Be2 Kg3 75. Re3+ Kf4 76. Kf2 Rb2 77. Rh3 Ra2 78. Rh4+
Ke5 79. Ke3 Kf5 80. Rh5+ Kf6 81. Bf3 Ra4 82. Be4 Ra1 83. Kf4 Rf1+ 84. Bf3 Kg6
85. Ra5 Kf6 86. Ra6+ Ke7 87. Ke3 Rc1 88. Kd4 Rf1 89. Be4 Rf6 90. Bc6 Rh6 91.
Ke5 Rh5+ 92. Kf4 Rh6 93. Kg5 Rd6 94. Ra7+ Ke6 95. Be4 Rb6 96. Kf4 Kd6 97. Ra8
Rb4 98. Ra6+ Kc5 99. Ke5 Rb6 100. Ra1 Rb3 101. Rc1+ Kb4 102. Kd4 Rb2 103. Rc8
Rd2+ 104. Bd3 Ka5 105. Rc6 Rh2 106. Kc3 1-0

[Event "Masters Grenoble 2007"]
[Site "Grenoble FRA"]
[Date "2007.06.23"]
[Round "4.2"]
[White "Janev, Evgeni"]
[Black "Vuilleumier, Alexandre"]
[Result "1-0"]
[WhiteElo "2475"]
[BlackElo "2345"]
[PlyCount "95"]
[EventDate "2007.06.20"]
[EventType "tourn"]
[EventRounds "9"]
[EventCountry "FRA"]
[EventCategory "4"]
[Source "lmi"]
[SourceDate "2007.06.20"]

1. e4 e5 2. Bc4 Nf6 3. d3 Bc5 4. Nf3 Nc6 5. c3 d6 6. Nbd2 a6 7. Bb3 Ba7 8. O-O
O-O 9. h3 Nh5 10. Nc4 Qf6 11. Ne3 Nf4 12. Ng4 Qg6 13. Bxf4 Bxg4 14. hxg4 exf4
15. Nh2 Ne5 16. d4 Nd7 17. Bc2 Qg5 18. Re1 c5 19. Qd3 cxd4 20. cxd4 Rac8 21.
Rad1 Bxd4 22. Ba4 b5 23. Qxd4 bxa4 24. Qxd6 Nf6 25. Nf3 Qxg4 26. e5 Nh5 27.
Qxa6 Ra8 28. Qd3 Rfe8 29. Re4 h6 30. Rd4 Qe6 31. Qb1 Ra6 32. Rd8 g6 33. Qc2 Ra8
34. Rxe8+ Qxe8 35. Rd4 Kh7 36. Rc4 a3 37. b4 Qa4 38. Qd3 Qb5 39. Qc2 Qa4 40.
Qd2 Ra7 41. e6 Qa6 42. exf7 Rxf7 43. Rc5 Qf6 44. b5 Re7 45. Qc3 Qd6 46. Rc6
Qd1+ 47. Kh2 Ng7 48. Qf6 1-0

[Event "Masters Grenoble 2007"]
[Site "Grenoble FRA"]
[Date "2007.06.23"]
[Round "4.3"]
[White "Aguettaz, Maxime"]
[Black "Olivier, Jean Christophe"]
[Result "0-1"]
[WhiteElo "2330"]
[BlackElo "2365"]
[PlyCount "115"]
[EventDate "2007.06.20"]
[EventType "tourn"]
[EventRounds "9"]
[EventCountry "FRA"]
[EventCategory "4"]
[Source "lmi"]
[SourceDate "2007.06.20"]

1. Nf3 d5 2. d4 Nf6 3. c4 e6 4. Nc3 Be7 5. Bg5 h6 6. Bh4 O-O 7. e3 b6 8. cxd5
Nxd5 9. Bxe7 Qxe7 10. Nxd5 exd5 11. Rc1 Be6 12. Bd3 c5 13. O-O Nd7 14. Bb1 Rfc8
15. Qd3 Nf8 16. Qa3 Rc7 17. dxc5 bxc5 18. b4 c4 19. Qa5 Rb7 20. a3 Qd6 21. Nd4
Qb6 22. Qxb6 axb6 23. Rc3 Bd7 24. e4 Ne6 25. Rd1 Nxd4 26. Rxd4 Rba7 27. Rxd5
Be6 28. Rd1 g5 29. h4 Rxa3 30. Rxa3 Rxa3 31. hxg5 hxg5 32. g3 Rb3 33. Bc2 Rb2
34. Rc1 g4 35. f4 gxf3 36. Kf2 Rxb4 37. Kxf3 Rb2 38. Ke3 b5 39. Kd4 b4 40. Ba4
Rd2+ 41. Kc5 b3 42. Kb4 Re2 43. Bc6 Rc2 44. Rb1 c3 45. Rxb3 Rb2 46. Bd5 c2 47.
Rxb2 c1=Q 48. Rb3 Qc7 49. Rc3 Qe5 50. Rd3 Kg7 51. Kc5 f5 52. exf5 Bxf5 53. Rd4
Qc7+ 54. Bc6 Qxg3 55. Rd5 Be6 56. Rh5 Bf7 57. Rf5 Qe3+ 58. Kd6 0-1

[Event "Masters Grenoble 2007"]
[Site "Grenoble FRA"]
[Date "2007.06.23"]
[Round "4.4"]
[White "Adda, Olivier"]
[Black "Foisor, Ovidiu Doru"]
[Result "1/2-1/2"]
[WhiteElo "2190"]
[BlackElo "2425"]
[PlyCount "53"]
[EventDate "2007.06.20"]
[EventType "tourn"]
[EventRounds "9"]
[EventCountry "FRA"]
[EventCategory "4"]
[Source "lmi"]
[SourceDate "2007.06.20"]

1. e4 e6 2. d4 d5 3. Nc3 Nf6 4. e5 Nfd7 5. f4 c5 6. Nf3 Nc6 7. Be3 a6 8. Qd2 b5
9. dxc5 Bxc5 10. Qf2 Qb6 11. Bxc5 Nxc5 12. Rd1 b4 13. Nb1 Rb8 14. Nbd2 a5 15.
Nb3 Na4 16. Qxb6 Rxb6 17. Rb1 Ba6 18. Bd3 f6 19. exf6 gxf6 20. Kd2 Ke7 21. Rhe1
Kd6 22. Nfd4 Nxd4 23. Nxd4 e5 24. Nf5+ Ke6 25. Nd4+ Kd6 26. Nf5+ Ke6 27. Nd4+
1/2-1/2

[Event "Masters Grenoble 2007"]
[Site "Grenoble FRA"]
[Date "2007.06.24"]
[Round "5.1"]
[White "Rodrigues, Emmanuel"]
[Black "Di Paolo, Raffaele"]
[Result "0-1"]
[WhiteElo "2155"]
[BlackElo "2340"]
[PlyCount "46"]
[EventDate "2007.06.20"]
[EventType "tourn"]
[EventRounds "9"]
[EventCountry "FRA"]
[EventCategory "4"]
[Source "lmi"]
[SourceDate "2007.06.20"]

1. e4 e6 2. Nf3 d5 3. Nc3 Nf6 4. e5 Nfd7 5. d4 Be7 6. h4 c5 7. dxc5 Nc6 8. Bf4
Nxc5 9. Qd2 a6 10. O-O-O b5 11. Qe3 Qa5 12. Kb1 Bd7 13. Rh3 Rc8 14. Rg3 b4 15.
Ne2 b3 16. cxb3 Ne4 17. Rxg7 Nb4 18. a3 Nc2 19. Qa7 Bxa3 20. Rxf7 Be7 21. Rxe7+
Kxe7 22. Nc3 Nxc3+ 23. Kxc2 Nb5+ 0-1

[Event "Masters Grenoble 2007"]
[Site "Grenoble FRA"]
[Date "2007.06.24"]
[Round "5.2"]
[White "Fargere, Francois"]
[Black "Adda, Olivier"]
[Result "1-0"]
[WhiteElo "2345"]
[BlackElo "2190"]
[PlyCount "65"]
[EventDate "2007.06.20"]
[EventType "tourn"]
[EventRounds "9"]
[EventCountry "FRA"]
[EventCategory "4"]
[Source "lmi"]
[SourceDate "2007.06.20"]

1. e4 e5 2. Nf3 Nc6 3. Bb5 a6 4. Bxc6 dxc6 5. O-O Be7 6. d3 Bf6 7. Nbd2 g5 8.
Nc4 g4 9. Nfxe5 b5 10. Nxc6 Qd7 11. N4a5 h5 12. d4 Kf8 13. Qd3 h4 14. Bf4 Rh5
15. Rad1 h3 16. g3 b4 17. Bd2 Be7 18. Nxe7 Nxe7 19. Bxb4 Rb8 20. Qa3 Rxa5 21.
Qxa5 Rb5 22. Qa3 Bb7 23. Bxe7+ Qxe7 24. Qxe7+ Kxe7 25. d5 Rc5 26. b3 Rc3 27.
Rd4 Rxc2 28. Rc4 Rxc4 29. bxc4 Kd6 30. Rb1 Bc8 31. Rb8 Bd7 32. Rd8 Ke7 33. Ra8
1-0

[Event "Masters Grenoble 2007"]
[Site "Grenoble FRA"]
[Date "2007.06.24"]
[Round "5.3"]
[White "Foisor, Ovidiu Doru"]
[Black "Aguettaz, Maxime"]
[Result "1/2-1/2"]
[WhiteElo "2425"]
[BlackElo "2330"]
[PlyCount "105"]
[EventDate "2007.06.20"]
[EventType "tourn"]
[EventRounds "9"]
[EventCountry "FRA"]
[EventCategory "4"]
[Source "lmi"]
[SourceDate "2007.06.20"]

1. d4 Nf6 2. c4 g6 3. Nc3 Bg7 4. g3 d6 5. Bg2 O-O 6. e3 c6 7. Nge2 a5 8. b3 Na6
9. Bb2 Rb8 10. Qd2 b5 11. cxb5 cxb5 12. O-O Bb7 13. f3 Qb6 14. Nd1 Rfc8 15. Nf2
Nb4 16. Nc3 Nfd5 17. Nxd5 Nxd5 18. Rac1 b4 19. Rxc8+ Rxc8 20. Rc1 Rxc1+ 21.
Qxc1 Qc6 22. Qxc6 Bxc6 23. f4 f5 24. a3 bxa3 25. Bxa3 Kf7 26. Nd3 Ke6 27. Bc1
Kd7 28. Bd2 e6 29. Nb2 e5 30. dxe5 dxe5 31. Nc4 exf4 32. gxf4 Ne7 33. Nxa5 Bxg2
34. Kxg2 Nd5 35. Kf3 h6 36. Nc4 g5 37. fxg5 hxg5 38. e4 g4+ 39. Kg3 fxe4 40.
Kxg4 Bd4 41. Kf5 e3 42. Be1 e2 43. Ke4 Bc3 44. Nd2 Nb4 45. Nf3 Bxe1 46. Nxe1
Na6 47. Kd5 Ke7 48. Kc4 Kd6 49. b4 Nc7 50. b5 Nd5 51. Kd4 Nc7 52. Kc4 Nd5 53.
h4 1/2-1/2

[Event "Masters Grenoble 2007"]
[Site "Grenoble FRA"]
[Date "2007.06.24"]
[Round "5.4"]
[White "Olivier, Jean Christophe"]
[Black "Janev, Evgeni"]
[Result "1/2-1/2"]
[WhiteElo "2365"]
[BlackElo "2475"]
[PlyCount "101"]
[EventDate "2007.06.20"]
[EventType "tourn"]
[EventRounds "9"]
[EventCountry "FRA"]
[EventCategory "4"]
[Source "lmi"]
[SourceDate "2007.06.20"]

1. e4 Nf6 2. e5 Nd5 3. d4 d6 4. c4 Nb6 5. f4 dxe5 6. fxe5 Bf5 7. Nf3 e6 8. Nc3
Bb4 9. a3 Bxc3+ 10. bxc3 c5 11. Be2 Nc6 12. O-O h6 13. Be3 Na5 14. Nd2 O-O 15.
Qe1 Na4 16. d5 Nxc3 17. Bxc5 Re8 18. Bb4 Na4 19. Qg3 Rc8 20. Bd3 Bxd3 21. Qxd3
exd5 22. Rxf7 Qb6+ 23. Rf2 Rxe5 24. cxd5 Nb2 25. Qf3 Nbc4 26. Nxc4 Nxc4 27. Qg4
Rc7 28. Qf3 Qe3 29. Qxe3 Rxe3 30. Rf8+ Kh7 31. Rf3 Rxf3 32. gxf3 a5 33. Be1 Rd7
34. Rd1 b5 35. Rd4 Kg6 36. f4 a4 37. Bb4 Kf5 38. Kf2 g5 39. fxg5 hxg5 40. d6
Ke6 41. Re4+ Kd5 42. Rg4 Nxd6 43. Rxg5+ Kc4 44. Re5 Kb3 45. Re3+ Kc4 46. Re5
Rf7+ 47. Ke2 Nf5 48. Rc5+ Kb3 49. Rd5 Kc4 50. Rc5+ Kb3 51. Rd5 1/2-1/2

[Event "Masters Grenoble 2007"]
[Site "Grenoble FRA"]
[Date "2007.06.24"]
[Round "5.5"]
[White "Vuilleumier, Alexandre"]
[Black "Vernay, Clovis"]
[Result "0-1"]
[WhiteElo "2345"]
[BlackElo "2345"]
[PlyCount "72"]
[EventDate "2007.06.20"]
[EventType "tourn"]
[EventRounds "9"]
[EventCountry "FRA"]
[EventCategory "4"]
[Source "lmi"]
[SourceDate "2007.06.20"]

1. d4 d5 2. c4 c6 3. cxd5 cxd5 4. Nc3 Nf6 5. Nf3 Nc6 6. Bf4 Ne4 7. Qb3 e6 8. e3
g5 9. Bg3 h5 10. h3 Nxg3 11. fxg3 Bd7 12. Bb5 Bd6 13. O-O-O a6 14. Bxc6 Bxc6
15. g4 Qe7 16. Na4 O-O-O 17. Kb1 hxg4 18. hxg4 f5 19. Nb6+ Kb8 20. Rxh8 Rxh8
21. gxf5 exf5 22. a3 g4 23. Nd2 Qe6 24. Rc1 Bc7 25. Rc5 Rd8 26. Ka2 Ka7 27. Na4
Qd7 28. Nc3 b6 29. Rxc6 Qxc6 30. Qc2 Qd7 31. Nb3 Kb7 32. Nc1 Re8 33. Nd3 a5 34.
Qb3 Qc6 35. Nxd5 a4 36. Nc5+ Qxc5 0-1

[Event "Masters Grenoble 2007"]
[Site "Grenoble FRA"]
[Date "2007.06.25"]
[Round "6.2"]
[White "Foisor, Ovidiu Doru"]
[Black "Di Paolo, Raffaele"]
[Result "1-0"]
[WhiteElo "2425"]
[BlackElo "2340"]
[PlyCount "55"]
[EventDate "2007.06.20"]
[EventType "tourn"]
[EventRounds "9"]
[EventCountry "FRA"]
[EventCategory "4"]
[Source "lmi"]
[SourceDate "2007.06.20"]

1. d4 e6 2. g3 f5 3. Bg2 Nf6 4. Nf3 d5 5. c4 c6 6. O-O Bd6 7. b3 Qe7 8. Bb2 O-O
9. Qc1 a5 10. Ba3 Bxa3 11. Nxa3 Bd7 12. Nc2 Be8 13. Nce1 Bh5 14. Nd3 h6 15. Re1
Nbd7 16. a4 Rfc8 17. Ra2 c5 18. Qa3 Kf8 19. dxc5 dxc4 20. bxc4 Nxc5 21. Nd4
Nfd7 22. Rb2 Rab8 23. Rb5 Bf7 24. Reb1 Qd6 25. Nb3 b6 26. Ndxc5 Nxc5 27. Nxc5
Kg8 28. Qd3 1-0

[Event "Masters Grenoble 2007"]
[Site "Grenoble FRA"]
[Date "2007.06.25"]
[Round "6.3"]
[White "Olivier, Jean Christophe"]
[Black "Adda, Olivier"]
[Result "0-1"]
[WhiteElo "2365"]
[BlackElo "2190"]
[PlyCount "68"]
[EventDate "2007.06.20"]
[EventType "tourn"]
[EventRounds "9"]
[EventCountry "FRA"]
[EventCategory "4"]
[Source "lmi"]
[SourceDate "2007.06.20"]

1. d4 d5 2. c4 c6 3. Nf3 Nf6 4. Nc3 dxc4 5. a4 Bf5 6. e3 e6 7. Bxc4 Bb4 8. O-O
Nbd7 9. Qe2 O-O 10. e4 Bg6 11. Bd3 c5 12. e5 cxd4 13. Na2 Nd5 14. Bxg6 hxg6 15.
Nxb4 Nxb4 16. Bg5 Qb6 17. Be7 Rfe8 18. Bd6 a5 19. Qe4 Nc6 20. Ra3 f6 21. exf6
Nxf6 22. Qxg6 Ne7 23. Bxe7 Rxe7 24. Ne5 Qc5 25. Re1 Rc8 26. g4 Qc2 27. g5 Nd5
28. Qh5 Nf4 29. Qh4 Rf8 30. Rf3 Qd2 31. Kf1 Qxe1+ 32. Kxe1 Ng2+ 33. Kf1 Nxh4
34. Rh3 Rf5 0-1

[Event "Masters Grenoble 2007"]
[Site "Grenoble FRA"]
[Date "2007.06.25"]
[Round "6.4"]
[White "Vuilleumier, Alexandre"]
[Black "Aguettaz, Maxime"]
[Result "0-1"]
[WhiteElo "2345"]
[BlackElo "2330"]
[PlyCount "58"]
[EventDate "2007.06.20"]
[EventType "tourn"]
[EventRounds "9"]
[EventCountry "FRA"]
[EventCategory "4"]
[Source "lmi"]
[SourceDate "2007.06.20"]

1. d4 Nf6 2. Nf3 g6 3. c4 Bg7 4. Nc3 O-O 5. g3 d6 6. Bg2 Nbd7 7. O-O e5 8. e4
a6 9. h3 b5 10. cxb5 axb5 11. Bg5 Bb7 12. Nxb5 Bxe4 13. dxe5 dxe5 14. Re1 Bc6
15. a4 h6 16. Bd2 Qb8 17. Rc1 Bxb5 18. axb5 Qxb5 19. Rxc7 e4 20. Nh2 Qxb2 21.
Bc3 Qb5 22. Bxe4 Nxe4 23. Bxg7 Kxg7 24. Rxe4 Nf6 25. Ree7 Qd5 26. Qc1 Rae8 27.
Qc3 Rxe7 28. Rxe7 Rb8 29. Nf3 Rb3 0-1